[Event "Morava-ch U12"]
[Site "Bystrice nad Pernstejnem"]
[Date "2024.10.29"]
[Round "5"]
[White "Moravec, Rene1"]
[Black "Tarielashvili, Kira"]
[Result "1-0"]
[WhiteElo "1459"]
[BlackElo "1598"]
[PlyCount "51"]
[EventDate "2024.10.26"]
[EventType "swiss"]
[EventRounds "9"]
[EventCountry "CZE"]
[SourceTitle "CB45_2024"]
[Source "ChessBase"]
[SourceDate "2024.11.06"]
[SourceVersion "1"]
[SourceVersionDate "2024.11.06"]
[SourceQuality "1"]

1. c4 Nf6 2. Nc3 e6 3. e4 Bb4 4. e5 Bxc3 5. bxc3 Ne4 6. d4 c5 7. Qc2 d5 8. f3 Qh4+ 9. g3 Nxg3 10. hxg3 Qxh1 11. Kf2 Qh5 12. Kg2 cxd4 13. cxd4 Qg6 14. Bd3 f5 15. Nh3 Nc6 16. cxd5 exd5 17. Nf4 Qf7 18. Bb5 0-0 19. Nxd5 Kh8 20. Qc5 Be6 21. Nf4 Bd7 22. Ba3 Rac8 23. Bc4 b6 24. Bxf7 bxc5 25. Ng6+ hxg6 26. Rh1# 1-0

[Event "Morava-ch U12"]
[Site "Bystrice nad Pernstejnem"]
[Date "2024.10.28"]
[Round "3"]
[White "Havlu, Jakub"]
[Black "Tarielashvili, Kira"]
[Result "0-1"]
[WhiteElo "1066"]
[BlackElo "1598"]
[PlyCount "92"]
[EventDate "2024.10.26"]
[EventType "swiss"]
[EventRounds "9"]
[EventCountry "CZE"]
[SourceTitle "CB45_2024"]
[Source "ChessBase"]
[SourceDate "2024.11.06"]
[SourceVersion "1"]
[SourceVersionDate "2024.11.06"]
[SourceQuality "1"]

1. e4 c5 2. Nc3 e6 3. Bc4 a6 4. a3 b5 5. Ba2 Bb7 6. d3 Qc7 7. Nge2 Nf6 8. Bf4 Qc6 9. f3 Be7 10. Qd2 Qb6 11. Be3 d6 12. b4 Nbd7 13. Bb3 Qc7 14. bxc5 Nxc5 15. d4 Nxb3 16. cxb3 d5 17. e5 Nd7 18. b4 0-0 19. 0-0 Nb6 20. Rac1 Nc4 21. Qd3 Qd7 22. Nf4 Bg5 23. Rfe1 Nb2 24. Qc2 Nc4 25. Ra1 Nxe3 26. Rxe3 Bxf4 27. Re2 Rac8 28. g3 Bh6 29. Rg2 g6 30. g4 Be3+ 31. Kf1 Bxd4 32. Qd2 Bxc3 33. Qh6 Bxe5 34. Re1 Bg7 35. Qh4 Qd8 36. g5 Rc4 37. f4 e5 38. Rf2 f6 39. Qg4 fxg5 40. Qe6+ Kh8 41. Re3 Rc1+ 42. Kg2 d4+ 43. Ref3 Bxf3+ 44. Rxf3 Rc2+ 45. Kf1 d3 46. Qb3 d2 0-1

[Event "EU-ch U10 Girls"]
[Site "Prague"]
[Date "2024.08.23"]
[Round "2"]
[White "Paunescu, Aida"]
[Black "Tarielashvili, Kira"]
[Result "1-0"]
[WhiteElo "1603"]
[BlackElo "1431"]
[PlyCount "67"]
[EventDate "2024.08.22"]
[EventType "swiss"]
[EventRounds "9"]
[EventCountry "CZE"]
[SourceTitle "CBM 221 Extra"]
[Source "ChessBase"]
[SourceDate "2024.09.30"]
[SourceVersion "1"]
[SourceVersionDate "2024.09.30"]
[SourceQuality "1"]

1. d4 Nf6 2. Nf3 e6 3. Bf4 b6 4. e3 Bb7 5. c3 Bc6 6. Bd3 d6 7. 0-0 Be7 8. Nbd2 Bb7 9. Re1 c5 10. e4 Nc6 11. Qe2 d5 12. e5 Nd7 13. Qe3 c4 14. Bc2 b5 15. a3 a6 16. Bg5 Bxg5 17. Nxg5 h6 18. Ngf3 0-0 19. Nf1 Ne7 20. Ng3 Ng6 21. h3 Qe7 22. Qd2 a5 23. Nh2 Kh7 24. Qe3 a4 25. Ng4 Bc6 26. Nh5 f5 27. exf6 gxf6 28. Qxh6+ Kg8 29. Qxg6+ Kh8 30. Qh6+ Kg8 31. Rxe6 Qf7 32. Rxf6 Nxf6 33. Ngxf6+ Qxf6 34. Qh7# 1-0

[Event "SVK-ch U2300"]
[Site "Liptovsky Jan"]
[Date "2024.06.18"]
[Round "7"]
[White "Tarielashvili, Kira"]
[Black "Zelenak, Adam"]
[Result "1-0"]
[WhiteElo "1473"]
[BlackElo "1000"]
[PlyCount "57"]
[EventDate "2024.06.15"]
[EventType "swiss"]
[EventRounds "8"]
[EventCountry "SVK"]
[SourceTitle "CBM 220 Extra"]
[Source "ChessBase"]
[SourceDate "2024.07.31"]
[SourceVersion "1"]
[SourceVersionDate "2024.07.31"]
[SourceQuality "1"]

1. e4 e6 2. d4 d5 3. e5 c5 4. c3 Nc6 5. Nf3 Qb6 6. a3 Nh6 7. Bd3 cxd4 8. cxd4 Nxd4 9. Nxd4 Qxd4 10. Bb5+ Bd7 11. Bxd7+ Kxd7 12. Qxd4 Nf5 13. Qd3 Rc8 14. Nc3 Nh4 15. g3 Nf5 16. Be3 g6 17. 0-0 Bg7 18. Qb5+ Rc6 19. Bf4 a6 20. Qxb7+ Rc7 21. Qxa6 Rc6 22. Qd3 Rb8 23. Nxd5 Rxb2 24. Nb4+ Kc7 25. Nxc6 Kxc6 26. Qc3+ Kd7 27. Rad1+ Ke8 28. Qc8+ Ke7 29. Qd8# 1-0

[Event "SVK-ch U2300"]
[Site "Liptovsky Jan"]
[Date "2024.06.17"]
[Round "6"]
[White "Keckes, Marian"]
[Black "Tarielashvili, Kira"]
[Result "1-0"]
[WhiteElo "1692"]
[BlackElo "1473"]
[PlyCount "59"]
[EventDate "2024.06.15"]
[EventType "swiss"]
[EventRounds "8"]
[EventCountry "SVK"]
[SourceTitle "CBM 220 Extra"]
[Source "ChessBase"]
[SourceDate "2024.07.31"]
[SourceVersion "1"]
[SourceVersionDate "2024.07.31"]
[SourceQuality "1"]

1. d4 Nf6 2. Nc3 e6 3. e4 d5 4. e5 Nfd7 5. Nf3 b6 6. Bb5 Ba6 7. Qe2 Bxb5 8. Nxb5 a6 9. Nc3 Bb4 10. a3 Be7 11. Ng1 Nc6 12. Qg4 Rg8 13. Nh3 g6 14. Be3 Bf8 15. Qf3 f6 16. Qg4 f5 17. Qd1 Qh4 18. Nf4 Kf7 19. h3 Bh6 20. g3 Qe7 21. Nfxd5 exd5 22. Bxh6 g5 23. Nxd5 Qd8 24. h4 gxh4 25. Qh5+ Ke6 26. Nf4+ Ke7 27. Bg5+ Rxg5 28. Qxg5+ Kf7 29. Qh5+ Kg7 30. Ne6+ 1-0